000
00250 a2200097 4500
020
_a
9789364871563
100
_a
Amartya Sen, Jitheesh P. M., tr.
245
_a
Jagathkudeeram(ജഗത്കുടീരം)
260
_b
D C books
_c
2025
942
_c
OO
999
_c
115347
_d
115346